00628nam a2200169 i 4500001000300000100002900003245015200032260002100184700002500205040000800230041000800238942000700246008004100253999001700294856009800311952004900409bg1 aPETRAŻYCKI, Bolesław.10aUtylizacja odpadów przemysłu kruszyw budowlanych.nCz. 1,pOdpady kruszyw naturalnych i łamanych /cBolesław Petrażycki, Maciej Pogorzelski. aWarszawa,c1979.1 aPOGORZELSKI, Maciej. cBPK apol cKS s pl f |000 0 pol  c20628d20628 uhttp://koha.tu.koszalin.pl/cgi-bin/koha/opac-detail.pl?biblionumber=20628yKatalog online BPK 00104070aBPKbBPKcwo29034p01627299yKS